Score 0/26 Timer 05:00
2 Plays Today
% Correct
Avatar
97%
Jurassic Park
94%
Up
93.7%
Titanic
93.6%
Black Panther
93.1%
Grease
92.6%
X-Men
89.3%
The Sound of Music
89.2%
The Queen
79.7%
Erin Brockovich
79.6%
Rain Man
78%
No Country for Old Men
72.3%
Hidden Figures
71%
% Correct
Dr. No
70.4%
Psycho
69.8%
The Killing Fields
69.6%
Fatal Attraction
67%
My Fair Lady
66.8%
Zero Dark Thirty
66%
Vice
65.5%
Love Story
60%
Yankee Doodle Dandy
58.2%
Working Girl
54.7%
Citizen Kane
50.2%
On the Waterfront
50.1%
It Happened One Night
40.9%

You're not logged in!

Compare scores with friends on all Sporcle quizzes.
OR
Log In

Sporcle TV

Today on Sporcle TV


Watch our educational content, quiz creation guides, and fun videos on Sporcle TV.

Show Comments

Extras

Top Quizzes Today


Score Distribution

Paid Content

Your Account Isn't Verified!

In order to create a playlist on Sporcle, you need to verify the email address you used during registration. Go to your Sporcle Settings to finish the process.

Report this User

Report this user for behavior that violates our Community Guidelines.

Details: